| 000 | 01015nam a2200241 a 4500 | ||
|---|---|---|---|
| 001 | BRCA_497 | ||
| 005 | 20190320203032.0 | ||
| 008 | 880830s1988 paua---##b---l000-0#eng-# | ||
| 020 | _a0876330774 | ||
| 020 | _a0812279603 | ||
| 040 |
_aDLC _cDLC _dDLC |
||
| 050 | 4 |
_aN6923.T4 _b.C76 1988 |
|
| 100 | 1 |
_aCropper, Elizabeth _d1944- _91708 |
|
| 245 | 1 | 0 |
_aPietro Testa, 1612-1650 _bPrints and Drawings _cElizabeth Cropper with essays by Charles Dempsey ... [et al.]. |
| 260 |
_aPhiladelphia, Pennsylvania _bPhiladelphia Museum of Art _c1988 |
||
| 300 |
_aciv, 297 p. _bil. _c28 cm. |
||
| 500 | _aCatálogo de la exposición realizada en The Philadelphia Museum of Art (Philadelphia, Pennsylvania), 5 noviembre - 31 diciembre, 1988 y en Arthur M. Sackler Museum, Harvard University Art Museums (Cambridge), 21 enero - 19 marzo, 1989 | ||
| 504 | _aBibliografía : p. 291-297 | ||
| 600 | 1 | 4 |
_aTesta, Pietro _d1611-1650 _vExposiciones _91709 |
| 653 | 0 | _aArtes gráficas | |
| 700 | 1 |
_aDempsey, Charles _91710 |
|
| 942 |
_2lcc _cB |
||
| 999 |
_c430 _d430 |
||